00863nam a22002537a 45000010005000000030006000050050017000110080041000280200015000690400029000840500017001130820010001301000033001402450089001732500044002622600038003063000065003445050008004095200095004175210020005125210020005326500027005527000030005797644FISKH20250729114337.0250729b cb ||||| |||| 00| 0 eng d a0590459279 aFISKHbengcFISKHdFISKH aGT4403 .C464 a394.2 aChocolate, Deborah M. Newton aMy first Kwanzaa book /cBy Deborah M. Newton Chocolate : Illustrated by Cal Massey aFirst Scholastic printing, October 1992 aNew York : bScholastic , c1992. a20 unnumbered pages : bcolor illustrations ;c21 x 25 cm .  aZ  aIntroduces Kwanzaa, the holiday in which Afro-Americans celebrate their cultural heritage.8 a910 bLexile 8 aZ bRaz-Plus  aMulticulturalvFiction aMassey, CaleIllustrator